000 00870nam a2200229 i 4500
001 94107
003 ES-MaACL
005 20230906181410.0
007 t|
008 050621s2003 sp ||||1| spa d
020 _a84-607-8175-5
080 _a008"18"(063)
080 _a001"18"(063)
111 2 _aSymposium Ciencia y Romanticismo (
_d2002.
_cMaspalomas)
_91096
245 1 0 _aCiencia y romanticismo, 2002 /
_c[Symposium Ciencia y Romanticismo, 12, 13 y 14 de septiembre 2002, Maspalomas, Gran Canaria].
260 _aLa Orotava :
_bFundación Canaria Orotava de Historia de la Ciencia,
_c[2003]
300 _a372 p. :
_bil. ;
_c24 cm.
650 4 _aRomanticismo-
_vCongresos y asambleas.
_916945
650 4 _aCiencia-
_yS.XIX-
_vCongresos y asambleas.
_910962
710 2 _aFundación Canaria Orotava de Historia de la Ciencia.
_94243
852 4 _aES-MaACL
_jL-29189
999 _c94107
_d94107